| 000 | 01020cad a22002295a 4500 | ||
|---|---|---|---|
| 001 | E154416 | ||
| 008 | 111129s2011 xxk f 000 0 eng d | ||
| 035 | _a(Sirsi) u154416 | ||
| 041 | 0 | _aeng | |
| 050 | 0 | 4 | _a690.241 $2 18 |
| 110 | 2 |
_aHistoric Scotland _92914 |
|
| 245 | 0 | 0 |
_aINFORM, information for historic building owners _bimproving energy efficiency in traditional buildings _h[electronic resource] |
| 260 |
_aEdinburgh _bHistoric Scotland _c2008 |
||
| 490 | 0 | _aInform | |
| 520 | _aLooks at the issues involved in in improving the energy efficiency of traditional buildings, and offers guidance as to how the thermal performance of such structures can be improved. | ||
| 521 | _aIntroductory | ||
| 590 | _aKA | ||
| 651 | 4 |
_aScotland _y1999- |
|
| 690 | _aBUILT ENVIRONMENT-BUILDING TYPES-ANCIENT MONUMENTS AND HISTORIC BUILDINGS | ||
| 856 | 4 | 0 |
_uhttps://www.historic-scotland.gov.uk/publicationsresultsdetail.htm?id=4ed43d0cd _zView the leaflet free of charge at www.historic-scotland.gov.uk... |
| 942 | _n0 | ||
| 999 |
_c112981 _d112981 |
||